000 00731nas a2200241 4500
001 BR0900538
003 BR-BrBNA
005 20231205113045.0
007 ta
008 230509b bl.|||p| |||| 00| 00por d
040 _aBR-BrBNA
_bpor
_cBiblioteca Nacional de Agricultura
041 _a(En)
072 _aH60; F02
100 1 _aRonchi, C.P.
100 1 _aSilva, A.A.
245 1 _aEffects of weed species competition on the growth of young coffe plants
650 _aDENSIDADE DE PLANTIO
650 _aCOFFEA ARABICA
650 _aCOMPETIÇÃO BIOLÓGICA
773 0 _tPlanta Daninha (Brazil)
_xISSN 0100-8358
_g(2006), v. 24(3) p. 415-423
_wBR0900538
909 _a202311
_bLúcia
_c55
_dLúcia Elande
942 _2AGRIS
_n0
_cANA
999 _c201586
_d201586